Raffaello / (Record no. 178467)

MARC details
000 -LEADER
campo de control de longitud fija 00858nam a2200265 i 4500
001 - NÚMERO DE CONTROL
campo de control 178467
003 - IDENTIFICADOR DE NÚMERO DE CONTROL
campo de control ES-MaACL
005 - FECHA Y HORA DE LA ÚLTIMA TRANSACCIÓN
campo de control 20250718094647.0
008 - DATOS DE LONGITUD FIJA--INFORMACIÓN GENERAL
campo de control de longitud fija 110602s1945 it f |||| |dita d
080 ## - NÚMERO DE LA CLASIFICACIÓN DECIMAL UNIVERSAL
Número de la Clasificación Decimal Universal 75 Sanzio, Raffaello
100 1# - ENTRADA PRINCIPAL--NOMBRE DE PERSONA
Nombre de persona Ortolani, Sergio.
9 (RLIN) 146848
245 10 - MENCIÓN DEL TÍTULO
Título Raffaello /
Mención de responsabilidad, etc. Sergio Ortolani.
250 ## - MENCION DE EDICION
Mención de edición 2ª ed.
260 ## - PUBLICACIÓN, DISTRIBUCIÓN, ETC.
Lugar de publicación, distribución, etc. Bergamo :
Nombre del editor, distribuidor, etc. Istituto Italiano d'Arti Grafiche,
Fecha de publicación, distribución, etc. 1945.
300 ## - DESCRIPCIÓN FÍSICA
Extensión 78, 144 p. de lám., [2] h. de lám. col. ;
Dimensiones 26 cm.
490 1# - MENCIÓN DE SERIE
Mención de serie I grandi artisti italiani ;
Designación de volumen o secuencia 6
500 ## - NOTA GENERAL
Nota general Índices.
504 ## - NOTA DE BIBLIOGRAFÍA, ETC.
Nota de bibliografía, etc. Bibliografía: p. 73-74.
546 ## - NOTA DE IDIOMA
Nota de lengua/lenguaje Texto en italiano.
600 04 - PUNTO DE ACCESO ADICIONAL DE MATERIA--NOMBRE DE PERSONA
Nombre de persona Raffaello,
Fechas asociadas al nombre 1483-1520
9 (RLIN) 222299
710 2# - ENTRADA AGREGADA--NOMBRE DE ENTIDAD CORPORATIVA
Nombre de entidad corporativa o nombre de jurisdicción como elemento de entrada Istituto Italiano d'Arti Grafiche.
9 (RLIN) 146842
830 0# - PUNTO DE ACCESO ADICIONAL DE SERIE-TÍTULO UNIFORME
Título uniforme I grandi artisti italiani ;
Designación de volumen o secuencia 6
9 (RLIN) 190981
852 ## - LOCALIZACIÓN
Ubicación ES-MaACL
Número de control de estantería E-15216
Encuadernación Olim P-941
Holdings
Estatus retirado Estado de pérdida Estado de daño No para préstamo Biblioteca de origen Biblioteca actual Ubicación en estantería Fecha de adquisición Fuente de adquisición Total de préstamos Signatura topográfica completa Código de barras Visto por última vez Precio de reemplazo Tipo de ítem Koha
        Biblioteca del Ateneo de Madrid Biblioteca del Ateneo de Madrid Depósito 2 02/06/2011     E-15216 1187469 23/02/2023 23/02/2023 Libro impreso